Algebra y geometría II: educación media

Salvato in:
Dettagli Bibliografici
Autori principali: Heras Karl, Rodrigo E. de las (Autore), Fuenzalida Correa, Gabriel (Autore), Lara Ramírez, M. Cecilia (Autore), Riveros Rojas, José Antonio (Autore)
Natura: Libro
Lingua:spagnolo
Pubblicazione: Santiago Santillana 1993
Soggetti:
Tags: Aggiungi Tag
Nessun Tag, puoi essere il primo ad aggiungerne!!

MARC

LEADER 00000nam a2200000 a 4500
001 UCS6804
003 CL-VaPUC
008 971003e19930000CL |||||||||||||||||spa|d
082 0 4 |a 512.1  |b HER  |2 21 
100 |a Heras Karl, Rodrigo E. de las  |e author  |9 541891 
700 0 |a Fuenzalida Correa, Gabriel  |e author  |9 392176 
700 0 |a Lara Ramírez, M. Cecilia  |e author  |9 392177 
700 |a Riveros Rojas, José Antonio  |e author  |9 541893 
245 1 0 |a Algebra y geometría II: educación media 
300 |a 270 p 
942 |c BK 
945 |d 19971003 00:00:00  |a rleighto 
260 |a Santiago  |b Santillana  |c 1993 
650 0 |a Matemática  |9 260235 
650 0 |a Álgebra  |9 259567 
650 0 |a Conjuntos  |9 342214 
650 0 |a Factorización   |9 369380 
650 0 |a Ecuaciones  |9 260137 
650 0 |a Geometría   |9 264063 
650 0 |a Matemáticas  |x Enseñanza  |9 875527 
583 |a last modification  |c 20171130 16:21:13  |k Rodrigo Vera 
999 |c 262377  |d 262375 
952 |0 0  |1 0  |4 0  |6 512_100000000000000_HER_1993  |7 0  |8 A  |9 290775  |a BIBMAT  |b BIBMAT  |c E_DIDACT  |d 2019-11-19  |i 2770369  |o 512.1 HER 1993  |p 2770369  |r 2025-01-07  |w 2019-11-19  |y BK  |k MAT 
952 |0 0  |1 0  |4 0  |6 512_100000000000000_HER_1993  |7 0  |8 A  |9 290776  |a BIBMAT  |b BIBMAT  |c E_DIDACT  |d 2019-11-19  |i 3511715  |o 512.1 HER 1993  |p 3511715  |r 2025-01-07  |w 2019-11-19  |y BK  |k MAT 
952 |0 0  |1 0  |4 0  |6 512_100000000000000_HER_1993  |7 0  |8 A  |9 290777  |a BIBMAT  |b BIBMAT  |c E_DIDACT  |d 2019-11-19  |i 1345974  |o 512.1 HER 1993  |p 1345974  |r 2025-01-07  |w 2019-11-19  |y BK  |k MAT